| 000 | 01039 a2200229 4500 | ||
|---|---|---|---|
| 003 | Nust | ||
| 005 | 20230327114123.0 | ||
| 010 | _a 74031372 | ||
| 020 | _a007001292X | ||
| 040 | _cNust | ||
| 082 | 0 | 0 | _a629.2832,SPO |
| 100 |
_aEditor D. Eugene Gilmore Paul arrell _9111445 |
||
| 110 | 2 |
_aAmerican Automobile Association. _9111446 |
|
| 245 | 1 | 0 |
_aSportsmanlike driving / _cEditor D. Eugene Gilmore Paul arrell |
| 250 | _a7th ed. | ||
| 260 |
_aNew York : _bWebster Division, McGraw-Hill, _c[1975] |
||
| 300 |
_axii, 308 p. : _bill. ; _c25 cm. |
||
| 505 | _aYou and the Highway System (Page-1), Preparing to Drive (Page-15), Basic Maneuvers (Page-33), Decision-Making and Driving (Page-89), Driving Laws (Page-121), highway conditions(page 151), Vehicle performance (Page-173), Other highway users (Page-209), System failures (Page-225), Driver performance (Page- 243), Motorcycles (Page-261), Career opportunities (Page-285). | ||
| 650 | 0 |
_aAutomobile driving. _920755 |
|
| 650 | 0 |
_aAutomobile driving. _920755 |
|
| 942 |
_2ddc _cBK |
||
| 999 |
_c183738 _d183738 |
||